Bytový dom

Na minha lista:
Detalhes bibliográficos
Autor principal: Hagara, Ľubomír (Author)
Outros Autores: Funtík, Tomáš (Thesis advisor)
Formato: Manuscrito Livro
Idioma:eslovaco
Publicado em: 2019
Assuntos:
Acesso em linha:http://is.stuba.sk/zp/portal_zp.pl?podrobnosti=136742
https://opac.crzp.sk/?fn=detailBiblioForm&sid=72994EA9AD52E4DE4E944E064587
Tags: Adicionar Tag
Sem tags, seja o primeiro a adicionar uma tag!

MARC

LEADER 00000ntm a22000003a 4500
001 stuzp75291
003 SK-STU
005 20230531091200.1
007 ta
008 150427s2015----xo-----f-mn---000-0-slo-d
040 |a STU  |b slo 
041 0 |a slo 
100 1 |a Hagara, Ľubomír  |u 010270  |4 aut  |U SvF Stavebná fakulta  |T SvF Katedra technológie stavieb  |X 87346  |U V270  |Y 28  |7 87346 
242 0 1 |a Residential House  |y eng 
245 1 0 |a Bytový dom 
260 |c 2019 
650 4 |a Bytový dom  |2 slo 
650 4 |a Stropné chladenie  |2 slo 
650 4 |a Projekt organizácie výstavby  |2 slo 
650 4 |a Residentak house  |2 eng 
650 4 |a ceiling cooling  |2 eng 
650 4 |a construction organization project  |2 eng 
700 1 |a Funtík, Tomáš  |u 010270  |k Z1  |4 ths  |U SvF Stavebná fakulta  |T SvF Katedra technológie stavieb  |X 22617  |U V270  |Y 28  |7 A000022617 
856 4 |u http://is.stuba.sk/zp/portal_zp.pl?podrobnosti=136742 
856 4 |u https://opac.crzp.sk/?fn=detailBiblioForm&sid=72994EA9AD52E4DE4E944E064587